[Event "BCF-chT2 2223 (4NCL)"]
[Site "England"]
[Date "2023.02.12"]
[Round "6.46"]
[White "White, Stuart A"]
[Black "Agnew, Alan"]
[Result "1/2-1/2"]
[WhiteElo "2051"]
[BlackElo "2148"]
[PlyCount "81"]
[EventDate "2022.10.22"]
[EventType "team-tourn"]
[EventRounds "11"]
[EventCountry "ENG"]
[SourceTitle "EXT 2024"]
[Source "ChessBase"]
[SourceDate "2023.10.10"]
[SourceVersion "1"]
[SourceVersionDate "2023.10.10"]
[SourceQuality "1"]
[WhiteTeam "Alba"]
[BlackTeam "The Rookies"]
[WhiteTeamCountry "ENG"]
[BlackTeamCountry "ENG"]

1. d4 d5 2. c4 e6 3. Nc3 Nf6 4. cxd5 exd5 5. Bg5 Be7 6. e3 c6 7. Bd3 Nbd7 8. Nge2 0-0 9. Qc2 Re8 10. 0-0 Nf8 11. f3 Be6 12. Rad1 Rc8 13. Bh4 Ng6 14. Bf2 b5 15. Kh1 a6 16. Qd2 c5 17. dxc5 Bxc5 18. Bxg6 hxg6 19. Nf4 Qb6 20. Rfe1 Rcd8 21. Nce2 g5 22. Nd3 Ne4 23. fxe4 dxe4 24. Nd4 exd3 25. Qxd3 Bb4 26. Rg1 Qb7 27. a3 Bf8 28. Qe2 Bd5 29. Qg4 f6 30. Rc1 Re4 31. Qf5 Re5 32. Qg4 Re4 33. Qf5 Re5 34. Qg4 Ree8 35. Qh5 Rc8 36. Rxc8 Rxc8 37. Qg4 Rc4 38. Qf5 Bf7 39. e4 Qc8 40. Qxc8 Rxc8 41. Re1 1/2-1/2

[Event "Nottingham 4NCL op 20th"]
[Site "Nottingham"]
[Date "2018.09.30"]
[Round "5"]
[White "Agnew, Alan"]
[Black "Jukes, Sam"]
[Result "1/2-1/2"]
[WhiteElo "2086"]
[BlackElo "1863"]
[PlyCount "53"]
[EventDate "2018.09.28"]
[EventType "swiss"]
[EventRounds "5"]
[EventCountry "ENG"]
[SourceTitle "CBM 186 Extra"]
[Source "ChessBase"]
[SourceDate "2018.08.24"]
[SourceVersion "1"]
[SourceVersionDate "2018.08.24"]
[SourceQuality "1"]

1. d4 Nf6 2. c4 e6 3. Nc3 Bb4 4. e3 b6 5. Bd3 0-0 6. Nge2 d5 7. a3 Bd6 8. Qc2 Bb7 9. e4 dxe4 10. Nxe4 Nxe4 11. Bxe4 Bxe4 12. Qxe4 Nd7 13. 0-0 Nf6 14. Qf3 c5 15. dxc5 bxc5 16. Nc3 Qb8 17. h3 Bh2+ 18. Kh1 Be5 19. Na4 Bd4 20. Be3 Qb3 21. Nxc5 Bxc5 22. Bxc5 Qxf3 23. gxf3 Rfc8 24. b4 Nd7 25. Be3 Rxc4 26. Rac1 Nb6 27. Bxb6 1/2-1/2

[Event "BCF-chT3S 1718 (4NCL) Demotion pool"]
[Site "England"]
[Date "2018.03.25"]
[Round "8.83"]
[White "Agnew, Alan"]
[Black "Fletcher, John T"]
[Result "1/2-1/2"]
[WhiteElo "2108"]
[BlackElo "1959"]
[PlyCount "72"]
[EventDate "2017.11.11"]
[EventType "team-tourn"]
[EventRounds "11"]
[EventCountry "ENG"]
[SourceTitle "EXT 2020"]
[Source "ChessBase"]
[SourceDate "2019.10.17"]
[SourceVersion "1"]
[SourceVersionDate "2019.10.17"]
[SourceQuality "1"]
[WhiteTeam "Fermented Sharks"]
[BlackTeam "The Full Ponty"]
[WhiteTeamCountry "ENG"]
[BlackTeamCountry "WLS"]

1. d4 Nf6 2. Nf3 d5 3. c4 e6 4. Nc3 Bb4 5. Bg5 c5 6. cxd5 exd5 7. e3 h6 8. Bxf6 Qxf6 9. Bb5+ Bd7 10. Bxd7+ Nxd7 11. 0-0 Bxc3 12. bxc3 c4 13. Qa4 a6 14. Rab1 b5 15. Rxb5 Qc6 16. Ra5 Qxa4 17. Rxa4 a5 18. Rb1 Ke7 19. g4 Rhb8 20. Rxb8 Nxb8 21. e4 Nd7 22. exd5 Nb6 23. Ra3 f6 24. Nd2 a4 25. Ne4 Nxd5 26. f3 Nb6 27. Kf2 Kd7 28. h4 Kc6 29. h5 Nd5 30. Nc5 Kb5 31. Nb7 Ra6 32. Nc5 Ra7 33. Ne4 Rd7 34. Nc5 Ra7 35. Ne4 Rd7 36. Nc5 Ra7 1/2-1/2

[Event "BCF-chT3Sb 1718 (4NCL)"]
[Site "England"]
[Date "2018.03.24"]
[Round "7.64"]
[White "Smith, Steve"]
[Black "Agnew, Alan"]
[Result "1/2-1/2"]
[WhiteElo "1694"]
[BlackElo "2108"]
[PlyCount "54"]
[EventDate "2017.11.11"]
[EventType "team-tourn"]
[EventRounds "11"]
[EventCountry "ENG"]
[SourceTitle "EXT 2020"]
[Source "ChessBase"]
[SourceDate "2019.10.17"]
[SourceVersion "1"]
[SourceVersionDate "2019.10.17"]
[SourceQuality "1"]
[WhiteTeam "West is Best III"]
[BlackTeam "Fermented Sharks"]
[WhiteTeamCountry "WLS"]
[BlackTeamCountry "ENG"]

1. e4 c6 2. d4 d5 3. exd5 cxd5 4. c4 Nf6 5. Nc3 e6 6. Nf3 Be7 7. cxd5 Nxd5 8. Bc4 0-0 9. 0-0 Nc6 10. a3 Nf6 11. Re1 b6 12. Bf4 Bb7 13. Ba2 Rc8 14. Qd3 Na5 15. Ne5 Nd5 16. Nxd5 Bxd5 17. Bb1 g6 18. Bc2 Nc4 19. Nxc4 Bxc4 20. Qe3 Bf6 21. Be5 Bd5 22. Bd3 Bb7 23. Rac1 Bxe5 24. dxe5 Qd5 25. f3 Rxc1 26. Rxc1 Rd8 27. Rc3 Rc8 1/2-1/2

[Event "BCF-chT3Sb 1718 (4NCL)"]
[Site "England"]
[Date "2018.02.11"]
[Round "6.63"]
[White "Agnew, Alan"]
[Black "Piper, Stephen J"]
[Result "0-1"]
[WhiteElo "2108"]
[BlackElo "2075"]
[PlyCount "130"]
[EventDate "2017.11.11"]
[EventType "team-tourn"]
[EventRounds "11"]
[EventCountry "ENG"]
[SourceTitle "EXT 2020"]
[Source "ChessBase"]
[SourceDate "2019.10.17"]
[SourceVersion "1"]
[SourceVersionDate "2019.10.17"]
[SourceQuality "1"]
[WhiteTeam "Fermented Sharks"]
[BlackTeam "The Rookies"]
[WhiteTeamCountry "ENG"]
[BlackTeamCountry "ENG"]

1. d4 d6 2. c4 g6 3. Nc3 Bg7 4. e4 Nc6 5. Be3 e5 6. d5 Nce7 7. Bd3 Nf6 8. f3 a6 9. Nge2 Bd7 10. 0-0 h6 11. c5 0-0 12. Qb3 Bc8 13. Na4 dxc5 14. Nxc5 b6 15. Na4 Ne8 16. Rac1 Bb7 17. Rc2 Nc8 18. Nc5 Ncd6 19. Nxb7 Nxb7 20. Rfc1 Nbd6 21. Qa4 f5 22. h3 fxe4 23. fxe4 Kh7 24. Qc6 Rf6 25. Qc3 Rf7 26. Qd2 Qe7 27. a4 a5 28. b3 Rd8 29. Ng3 Rd7 30. Kh2 Nf6 31. Kg1 Qd8 32. b4 axb4 33. Qxb4 Bf8 34. Qc3 Qa8 35. Bb5 Rde7 36. Qd3 Nxb5 37. Qxb5 Rd7 38. Rc6 Bd6 39. Ra1 Qd8 40. a5 bxa5 41. Qxa5 Rf8 42. Qd2 Ng8 43. Ne2 Qh4 44. Nc3 Rdf7 45. Rc4 g5 46. Qe2 Qg3 47. Re1 Ne7 48. Ra4 Ng6 49. Raa1 Nh4 50. Rf1 Nf3+ 51. Rxf3 Rxf3 52. Re1 Rxe3 53. Qxe3 Qxe3+ 54. Rxe3 Bc5 55. Nd1 Rf4 56. Kh2 Bxe3 57. Nxe3 Rxe4 58. Nf5 Rf4 59. Ne3 Rd4 60. Kg3 e4 61. Kf2 Rd3 62. Ke2 Kg6 63. g3 Kf7 64. h4 gxh4 65. gxh4 h5 0-1

[Event "BCF-chT3S 1617 (4NCL) Promotion pool"]
[Site "England"]
[Date "2017.04.30"]
[Round "10.24"]
[White "Agnew, Alan"]
[Black "Clark, Ian C"]
[Result "1/2-1/2"]
[WhiteElo "2119"]
[BlackElo "1997"]
[PlyCount "82"]
[EventDate "2016.11.26"]
[EventType "team-tourn"]
[EventRounds "11"]
[EventCountry "ENG"]
[SourceTitle "EXT 2019"]
[Source "ChessBase"]
[SourceDate "2018.10.10"]
[SourceVersion "1"]
[SourceVersionDate "2018.10.10"]
[SourceQuality "1"]
[WhiteTeam "Fermented Sharks"]
[BlackTeam "Wessex"]
[WhiteTeamCountry "ENG"]
[BlackTeamCountry "ENG"]

1. d4 Nf6 2. Nf3 d5 3. c4 e6 4. Nc3 Nc6 5. cxd5 exd5 6. Bg5 Be7 7. e3 0-0 8. Bd3 Be6 9. 0-0 h6 10. Bh4 Qd7 11. Rc1 a6 12. a3 Rab8 13. Bxf6 Bxf6 14. Na4 Be7 15. Nc5 Bxc5 16. Rxc5 Ne7 17. Ne5 Qd6 18. Qc2 c6 19. b4 f6 20. Nf3 Qd7 21. a4 Bf5 22. b5 axb5 23. axb5 Bxd3 24. Qxd3 Ra8 25. bxc6 bxc6 26. Rfc1 Rfb8 27. h3 Rb2 28. R5c2 Raa2 29. Rxb2 Rxb2 30. Rb1 Qb7 31. Rxb2 Qxb2 32. g4 Qb5 33. Kg2 c5 34. dxc5 Qxc5 35. Nd4 Kf7 36. Ne2 Qc4 37. Nf4 Qxd3 38. Nxd3 Ke6 39. Kg3 Nc6 40. h4 d4 41. exd4 Nxd4 1/2-1/2

[Event "BCF-chT3Sc 1516 (4NCL)"]
[Site "England"]
[Date "2016.05.01"]
[Round "10.87"]
[White "Fogg, Martin"]
[Black "Agnew, Alan"]
[Result "0-1"]
[WhiteElo "1982"]
[BlackElo "2105"]
[PlyCount "74"]
[EventDate "2016.03.20"]
[EventType "team-swiss"]
[EventRounds "11"]
[EventCountry "ENG"]
[SourceTitle "EXT 2017"]
[Source "ChessBase"]
[SourceDate "2016.10.25"]
[SourceVersion "1"]
[SourceVersionDate "2016.10.25"]
[SourceQuality "1"]
[WhiteTeam "Anglian Avengers II"]
[BlackTeam "Fermented Sharks"]
[WhiteTeamCountry "ENG"]
[BlackTeamCountry "ENG"]

1. e4 g6 2. d4 Bg7 3. Nc3 d6 4. Be3 a6 5. Qd2 Nd7 6. Nf3 b5 7. Bd3 Bb7 8. 0-0 Rc8 9. a4 c6 10. Rfe1 b4 11. Ne2 c5 12. c4 cxd4 13. Bxd4 e5 14. Be3 Nc5 15. Bxc5 dxc5 16. Ng3 Bh6 17. Qc2 Qc7 18. Nf1 Ne7 19. Ne3 Bxe3 20. Rxe3 f6 21. Rd1 Nc6 22. Bf1 0-0 23. Red3 Rcd8 24. b3 Rxd3 25. Rxd3 Nd4 26. Nxd4 exd4 27. Rd1 Re8 28. f3 Qf4 29. Qd2 Qxd2 30. Rxd2 Kf7 31. Bd3 g5 32. Re2 h5 33. g3 f5 34. exf5 Bxf3 35. Rxe8 Kxe8 36. Kf2 Bd1 37. a5 Ke7 0-1

[Event "BCF-chT3Sc 1516 (4NCL)"]
[Site "England"]
[Date "2016.04.30"]
[Round "9.57"]
[White "Agnew, Alan"]
[Black "Edgell, Ben P"]
[Result "0-1"]
[WhiteElo "2105"]
[BlackElo "2130"]
[PlyCount "124"]
[EventDate "2016.03.20"]
[EventType "team-swiss"]
[EventRounds "11"]
[EventCountry "ENG"]
[SourceTitle "EXT 2017"]
[Source "ChessBase"]
[SourceDate "2016.10.25"]
[SourceVersion "1"]
[SourceVersionDate "2016.10.25"]
[SourceQuality "1"]
[WhiteTeam "Fermented Sharks"]
[BlackTeam "West is Best"]
[WhiteTeamCountry "ENG"]
[BlackTeamCountry "ENG"]

1. e4 d5 2. exd5 Qxd5 3. Nf3 c6 4. Be2 Nf6 5. 0-0 Bg4 6. c4 Qd6 7. d4 e6 8. Nc3 Nbd7 9. Be3 Be7 10. Qd2 Qc7 11. Rfd1 0-0 12. Rac1 Bxf3 13. Bxf3 Nb6 14. Bf4 Qd7 15. Qe2 Rad8 16. d5 exd5 17. cxd5 cxd5 18. Bc7 Rc8 19. Bxb6 axb6 20. Bxd5 Nxd5 21. Nxd5 Rxc1 22. Rxc1 Qxd5 23. Qxe7 Qxa2 24. b4 Qd2 25. Ra1 h6 26. h3 Rc8 27. Qxb7 Rc1+ 28. Rxc1 Qxc1+ 29. Kh2 Qf4+ 30. Kg1 Qxb4 31. Qc8+ Qf8 32. Qc6 Qb8 33. Qb5 g6 34. g3 Qd6 35. h4 Qc5 36. Qb2 b5 37. Qd2 h5 38. Kf1 b4 39. Ke2 b3 40. Qb2 Qb5+ 41. Kd2 Qb4+ 42. Ke3 Qb6+ 43. Kd3 Kf8 44. Kc3 Ke7 45. Qxb3 Qxf2 46. Qb4+ Ke6 47. Qe4+ Kd6 48. Qd3+ Kc5 49. Qc4+ Kd6 50. Qd3+ Ke5 51. Kc4 Qa2+ 52. Kc5 Qa7+ 53. Kc6 Qa8+ 54. Kc7 Qe4 55. Qb5+ Kf6 56. Qg5+ Ke6 57. Kd8 f6 58. Qd2 Qd5+ 59. Qxd5+ Kxd5 60. Ke7 Ke5 61. Kf7 Kf5 62. Kg7 g5 0-1

[Event "BCF-chT3Sb 1516 (4NCL)"]
[Site "England"]
[Date "2016.02.13"]
[Round "5.106"]
[White "Kemp, Paul R"]
[Black "Agnew, Alan"]
[Result "0-1"]
[WhiteElo "2099"]
[BlackElo "2105"]
[PlyCount "112"]
[EventDate "2015.11.14"]
[EventType "team-swiss"]
[EventRounds "7"]
[EventCountry "ENG"]
[SourceTitle "EXT 2017"]
[Source "ChessBase"]
[SourceDate "2016.10.25"]
[SourceVersion "1"]
[SourceVersionDate "2016.10.25"]
[SourceQuality "1"]
[WhiteTeam "Poisoned Pawns"]
[BlackTeam "Fermented Sharks"]
[WhiteTeamCountry "ENG"]
[BlackTeamCountry "ENG"]

1. e4 g6 2. d4 Bg7 3. Nc3 d6 4. f4 Nf6 5. Nf3 c5 6. dxc5 Qa5 7. Qd4 dxc5 8. Qc4 Be6 9. Qb5+ Nc6 10. Qxa5 Nxa5 11. Bb5+ Nd7 12. Nd5 Bxd5 13. exd5 a6 14. Be2 Nb6 15. Bd2 Nac4 16. Bxc4 Nxc4 17. Rb1 Rd8 18. Bc3 0-0 19. Bxg7 Kxg7 20. Ke2 Rxd5 21. Rhd1 Rfd8 22. Rxd5 Rxd5 23. b3 Na3 24. Rc1 Nb5 25. c4 Nd4+ 26. Ke3 Rd6 27. Ne5 f6 28. Nd3 Re6+ 29. Kf2 Re2+ 30. Kf1 Rxa2 31. Nxc5 b6 32. Nd7 Nxb3 33. Re1 Nd2+ 34. Kg1 Kf7 35. Nxb6 Rc2 36. Nd5 e6 37. Nc7 Rxc4 38. Nxe6 Re4 39. Nd8+ Ke8 40. Rxe4+ Nxe4 41. Nc6 Kf7 42. Nd4 Ke7 43. Kf1 Kd6 44. Ke2 Kd5 45. Ke3 f5 46. h3 a5 47. g4 Nd6 48. Kd3 a4 49. Nc2 fxg4 50. hxg4 h5 51. f5 Nxf5 52. gxf5 gxf5 53. Nb4+ Kc5 54. Kc3 h4 55. Nd3+ Kd5 56. Nf2 Ke5 0-1

[Event "BCF-chT3Sb 1516 (4NCL)"]
[Site "England"]
[Date "2016.01.16"]
[Round "3.96"]
[White "Shepherd, Paul D"]
[Black "Agnew, Alan"]
[Result "1/2-1/2"]
[WhiteElo "2081"]
[BlackElo "2105"]
[PlyCount "60"]
[EventDate "2015.11.14"]
[EventType "team-swiss"]
[EventRounds "7"]
[EventCountry "ENG"]
[SourceTitle "CBM 170 Extra"]
[Source "ChessBase"]
[SourceDate "2016.02.25"]
[SourceVersion "1"]
[SourceVersionDate "2016.02.25"]
[SourceQuality "1"]
[WhiteTeam "Surbiton"]
[BlackTeam "Fermented Sharks"]
[WhiteTeamCountry "ENG"]
[BlackTeamCountry "ENG"]

1. e4 d6 2. d4 Nf6 3. Nc3 e5 4. Nf3 Nbd7 5. g3 g6 6. Bg2 Bg7 7. 0-0 0-0 8. h3 c6 9. a4 Re8 10. Re1 Qc7 11. a5 b5 12. axb6 Nxb6 13. dxe5 dxe5 14. b3 Rd8 15. Qe2 a5 16. Bb2 Ba6 17. Qe3 Nfd7 18. Bf1 Bf8 19. Ba3 Bxf1 20. Rxf1 c5 21. Rfd1 f6 22. Nd5 Nxd5 23. Rxd5 Nb6 24. Rxd8 Rxd8 25. c4 a4 26. Rb1 Qd6 27. bxa4 Nxc4 28. Qb3 Qd3 29. Kg2 Qxb3 30. Rxb3 Ra8 1/2-1/2

[Event "BCF-chT3Sb 1516 (4NCL)"]
[Site "England"]
[Date "2015.11.14"]
[Round "1.99"]
[White "Pleasants, Allan J"]
[Black "Agnew, Alan"]
[Result "1/2-1/2"]
[WhiteElo "2030"]
[BlackElo "2102"]
[PlyCount "105"]
[EventDate "2015.11.14"]
[EventType "team-swiss"]
[EventRounds "7"]
[EventCountry "ENG"]
[SourceTitle "CBM 169 Extra"]
[Source "ChessBase"]
[SourceDate "2015.12.18"]
[SourceVersion "1"]
[SourceVersionDate "2015.12.18"]
[SourceQuality "1"]

1. d4 d6 2. Nf3 g6 3. g3 Bg7 4. Bg2 Nf6 5. 0-0 0-0 6. c4 Nbd7 7. Nc3 c6 8. h3 Re8 9. Bg5 h6 10. Be3 e5 11. dxe5 Nxe5 12. Nxe5 dxe5 13. Qxd8 Rxd8 14. Rad1 Be6 15. b3 Bf8 16. g4 Rxd1 17. Rxd1 Kg7 18. f4 Bb4 19. Na4 exf4 20. Bxf4 Nd7 21. Be3 Kh7 22. Bd4 Rc8 23. Nb2 a5 24. Nd3 Bd6 25. c5 Bc7 26. Rb1 Rd8 27. e3 f5 28. Bf3 Rf8 29. Kg2 Nf6 30. Nf2 fxg4 31. Nxg4 Nxg4 32. hxg4 Ra8 33. a3 Ra7 34. Rb2 Ra8 35. b4 axb4 36. axb4 Ra2 37. Rxa2 Bxa2 38. e4 Bf7 39. Be2 h5 40. gxh5 gxh5 41. e5 Kg6 42. b5 Kf5 43. bxc6 bxc6 44. Bd3+ Kf4 45. Bf2 Bd5+ 46. Kh3 Kf3 47. Bg3 Be6+ 48. Kh2 h4 49. Bxh4 Bxe5+ 50. Kg1 Bd4+ 51. Kf1 Bxc5 52. Ke1 Ke3 53. Bf2+ 1/2-1/2

[Event "BCF-chT3S 1415 (4NCL)"]
[Site "England"]
[Date "2015.01.10"]
[Round "3.57"]
[White "McGann, Gary"]
[Black "Agnew, Alan"]
[Result "1/2-1/2"]
[WhiteElo "2083"]
[BlackElo "2092"]
[PlyCount "69"]
[EventDate "2014.11.15"]
[EventType "team-swiss"]
[EventRounds "6"]
[EventCountry "ENG"]
[SourceTitle "EXT 2016"]
[Source "ChessBase"]
[SourceDate "2015.10.08"]
[SourceVersion "1"]
[SourceVersionDate "2015.10.08"]
[SourceQuality "1"]
[WhiteTeam "Leeds University Old Boys"]
[BlackTeam "Fermented Sharks"]
[WhiteTeamCountry "ENG"]
[BlackTeamCountry "ENG"]

1. d4 d6 2. Nc3 g6 3. Bf4 Bg7 4. Qd2 Nd7 5. Nf3 c5 6. d5 a6 7. a4 Ngf6 8. e4 0-0 9. Be2 Qb6 10. 0-0 Qb4 11. Rfe1 Ng4 12. Nd1 Nge5 13. Nxe5 Nxe5 14. Qxb4 cxb4 15. Bd2 a5 16. c3 bxc3 17. Bxc3 Nd7 18. Bb5 Nc5 19. Bxg7 Kxg7 20. Nc3 Bd7 21. Bxd7 Nxd7 22. f4 Rac8 23. e5 Nc5 24. Rad1 Rfe8 25. Re3 f6 26. Rde1 dxe5 27. fxe5 fxe5 28. Rxe5 Nd3 29. Rxe7+ Kf8 30. Rxe8+ Rxe8 31. Rf1+ Ke7 32. Rd1 Nxb2 33. Rb1 Nd3 34. Rxb7+ Kd6 35. h4 1/2-1/2

[Event "BCF-chT3S 1415 (4NCL)"]
[Site "England"]
[Date "2014.11.15"]
[Round "1.148"]
[White "Agnew, Alan"]
[Black "Robinson, Owen"]
[Result "1-0"]
[WhiteElo "2098"]
[BlackElo "1341"]
[PlyCount "77"]
[EventDate "2014.11.15"]
[EventType "team-swiss"]
[EventRounds "6"]
[EventCountry "ENG"]
[SourceTitle "CBM 163 Extra"]
[Source "ChessBase"]
[SourceDate "2014.12.23"]
[SourceVersion "1"]
[SourceVersionDate "2014.12.23"]
[SourceQuality "1"]
[WhiteTeam "Fermented Sharks"]
[BlackTeam "Celtic Tigers II"]
[WhiteTeamCountry "ENG"]
[BlackTeamCountry "ENG"]

1. e4 c5 2. Nf3 Nc6 3. d3 g6 4. g3 Bg7 5. Bg2 Nf6 6. 0-0 d6 7. c3 c4 8. dxc4 Nxe4 9. Nd4 Nxd4 10. cxd4 Nf6 11. Nc3 0-0 12. Re1 a6 13. Bg5 Qc7 14. Qe2 e6 15. Rac1 Nd7 16. Red1 h6 17. Bf4 e5 18. dxe5 dxe5 19. Nd5 Qd6 20. Be3 Qb8 21. Ne7+ Kh7 22. c5 Nf6 23. c6 bxc6 24. Nxc8 Qxc8 25. Bxc6 Qe6 26. Bxa8 Rxa8 27. Qc4 Qxc4 28. Rxc4 Rb8 29. b3 a5 30. Kf1 Bf8 31. Ke2 Kg7 32. Bc5 Bxc5 33. Rxc5 Ne4 34. Rc4 Rb4 35. Rdc1 f5 36. Rxb4 axb4 37. Rc4 Kf6 38. Rxb4 Nc3+ 39. Kd2 1-0

[Event "BCF-ch Week2 AM op"]
[Site "Aberystwyth"]
[Date "2014.08.01"]
[Round "5"]
[White "Agnew, Alan"]
[Black "Freeland, Alex"]
[Result "1/2-1/2"]
[WhiteElo "2102"]
[BlackElo "1800"]
[PlyCount "73"]
[EventDate "2014.07.28"]
[EventType "swiss"]
[EventRounds "5"]
[EventCountry "WLS"]
[SourceTitle "EXT 2017"]
[Source "ChessBase"]
[SourceDate "2016.10.25"]
[SourceVersion "1"]
[SourceVersionDate "2016.10.25"]
[SourceQuality "1"]

1. e4 c5 2. Nf3 d6 3. d3 e5 4. c3 Nf6 5. g3 Nc6 6. Bg2 Be7 7. 0-0 0-0 8. Re1 Bg4 9. h3 Bh5 10. Qb3 Rb8 11. a4 Qd7 12. g4 Bg6 13. Nh4 a6 14. Nxg6 hxg6 15. Be3 b5 16. axb5 Rxb5 17. Qc4 Qb7 18. Nd2 Ra8 19. Reb1 Nd7 20. Qa4 Bd8 21. Bf1 Ra5 22. Qc2 Rb8 23. Nc4 Rxa1 24. Rxa1 Bc7 25. Qa4 a5 26. Ra2 Nb6 27. Nxb6 Qxb6 28. Be2 Ne7 29. d4 cxd4 30. cxd4 exd4 31. Bxd4 Qb3 32. Qxb3 Rxb3 33. Bc3 d5 34. exd5 Nxd5 35. Bxa5 Bxa5 36. Rxa5 Nf4 37. Bf1 1/2-1/2

[Event "BCF-ch Week2 AM op"]
[Site "Aberystwyth"]
[Date "2014.07.30"]
[Round "3"]
[White "Twigge Molecey, Billy"]
[Black "Agnew, Alan"]
[Result "1/2-1/2"]
[WhiteElo "1877"]
[BlackElo "2102"]
[PlyCount "68"]
[EventDate "2014.07.28"]
[EventType "swiss"]
[EventRounds "5"]
[EventCountry "WLS"]
[SourceTitle "EXT 2017"]
[Source "ChessBase"]
[SourceDate "2016.10.25"]
[SourceVersion "1"]
[SourceVersionDate "2016.10.25"]
[SourceQuality "1"]

1. e4 g6 2. Nc3 Bg7 3. f4 c6 4. Nf3 d5 5. e5 h5 6. d4 Nh6 7. Be3 Bg4 8. h3 Bxf3 9. Qxf3 h4 10. Bd3 e6 11. 0-0 Nf5 12. Bf2 Nd7 13. b3 Bf8 14. Ne2 Be7 15. c4 Nb6 16. c5 Nd7 17. b4 Kf8 18. Kh2 b6 19. Bxf5 gxf5 20. Rg1 Ke8 21. Rgc1 Nf8 22. Qc3 b5 23. a4 a6 24. Ra3 Rb8 25. Rca1 Ng6 26. axb5 axb5 27. Qb2 Kf8 28. Qa2 Kg7 29. Ra7 Qc8 30. Qa5 Bd8 31. Qa6 Re8 32. Ra8 Rxa8 33. Qxa8 Be7 34. Qxc8 Rxc8 1/2-1/2